Guess guitarist by picture #1 - Statystyki

Ogólne statystyki
  • Ten quiz został rozwiązany 10 razy
  • Średni wynik to 6 z 16
Statystyki odpowiedzi
Obrazkowy Odpowiedź % Poprawnych
Jimi Hendrix
100%
Brian May
80%
David Gilmour
80%
Eddie Van Halen
60%
George Harrison
60%
Dimebag Darell
40%
Zakk Wylde
40%
Gary Moore
20%
George Lynch
20%
Jason Becker
20%
Marty Friedman
20%
Nuno Bettencourt
20%
Paul Gilbert
20%
Randy Rhoads
20%
Steve Lynch
20%
Steve Vai
20%
Nie znaleziono quizów pasujących do podanych kryteriów
Rozkład punktacji
Procent ludzi z każdym wynikiem
Percentyl według liczby udzielonych odpowiedzi
Twoja historia wyników
Nie rozwiązałeś tego quizu